Photoshop CS và Kpt 6 dành cho người chuyên nghiệp
Сохранить в:
| Главный автор: | |
|---|---|
| Формат: | |
| Язык: | Undetermined |
| Опубликовано: |
Thành phố Hồ Chí Minh
Giao thông vận tải
2005
|
| Предметы: | |
| Метки: |
Добавить метку
Нет меток, Требуется 1-ая метка записи!
|
| Thư viện lưu trữ: | Trung tâm Học liệu Trường Đại học Cần Thơ |
|---|
| LEADER | 00604nam a2200193Ia 4500 | ||
|---|---|---|---|
| 001 | CTU_95290 | ||
| 008 | 210402s9999 xx 000 0 und d | ||
| 020 | |c 60000 | ||
| 082 | |a 006.68 | ||
| 082 | |b H523 | ||
| 100 | |a Phạm, Quang Huy | ||
| 245 | 0 | |a Photoshop CS và Kpt 6 dành cho người chuyên nghiệp | |
| 245 | 0 | |c Phạm Quang Huy, Phạm Quang Hiển | |
| 260 | |a Thành phố Hồ Chí Minh | ||
| 260 | |b Giao thông vận tải | ||
| 260 | |c 2005 | ||
| 650 | |a Photoshop (Computer programs) | ||
| 904 | |i Minh | ||
| 980 | |a Trung tâm Học liệu Trường Đại học Cần Thơ | ||